000 00311nam a22001337a 4500
008 170530b xxu||||| |||| 00| 0 eng d
020 _a9780155067233
041 _aeng
080 _25 ED
_a94
100 _a17
101 _aSHH
245 _aHUMAN EVOLUTION AND PRE HISTORY
_cMCPEEK.E
942 _2udc
_cBK
999 _c15044
_d15044